000 00640cam a2200193 a 4500
001 3507573
005 20250311082828.0
008 951004s1996 maua b 001 0 eng
020 _a0875846769
050 0 0 _aHD58.8
_b.V645 1996
082 0 0 _a658.4/06
_220
100 1 _aVollmann, Thomas E.
245 1 4 _aThe transformation imperative :
_bachieving market dominance through radical change /
_cThomas E. Vollmann.
260 _aBoston, Mass. :
_bHarvard Business School Press,
_cc1996.
300 _aix, 269 p. :
_bill. ;
_c24 cm.
650 0 _aOrganizational change
_xManagement.
650 0 _aOrganizational learning.
942 _2lcc
_cBK
_n0
999 _c4673
_d4673